Kontrolované zahraničné spoločnosti fyzických osôb - základné súvislosti a praktické dôsledky

Definičné znaky kontrolovanej zahraničnej spoločnosti a účel novej právnej úpravy. Kontrolovaná zahraničná spoločnosť - vymedzenie pojmu kontrola a sídlo v zahraničí. Postavenie slovenského daňovníka v súvislosti s pravidlami pre kontrolované zahraničné spoločnosti.

Na minha lista:
Detalhes bibliográficos
Autor principal: Kočiš, Michal
Formato: Capítulo de Livro
Idioma:eslovaco
Assuntos:
Tags: Adicionar Tag
Sem tags, seja o primeiro a adicionar uma tag!

MARC

LEADER 00000naa a2200000 4500
001 0278607
005 20210921094702.8
041 0 |a slo 
044 |a SK 
245 1 0 |a Kontrolované zahraničné spoločnosti fyzických osôb - základné súvislosti a praktické dôsledky  |c Michal Kočiš 
520 |a Definičné znaky kontrolovanej zahraničnej spoločnosti a účel novej právnej úpravy. Kontrolovaná zahraničná spoločnosť - vymedzenie pojmu kontrola a sídlo v zahraničí. Postavenie slovenského daňovníka v súvislosti s pravidlami pre kontrolované zahraničné spoločnosti. 
610 2 0 |a dane z príjmov 
610 2 0 |a základ dane 
610 2 0 |a spoločnosti 
610 2 0 |a osoby fyzické 
610 2 0 |a kontrola 
610 2 0 |a zákony 
100 1 |a Kočiš, Michal